• 首页
  • 本馆介绍
  • 公告通知
  • 最新文献
  • 馆藏检索
  • 电子资源
  • 读者导购
  • 参考咨询
  • 我的图书馆
  • 登录
  • 详细信息显示
  • 放入我的书架
  • 预约/预借图书
  • 作者相关作品
  • 分类相关作品
  • 丛书相关作品
  • 出版社相关作品

书目信息

  • 表格格式
  • 工作单格式
  • 卡片格式
题名:
毛泽东与习俗文化
    
 
作者: 游和平 著
分册:  
出版信息: 北京   中共党史出版社  2008
页数: 260页
开本: 24cm
丛书名:
单 册:
中图分类: K892 , A755
科图分类:
主题词: 风俗习惯--研究--中国 , 风俗习惯 , 毛泽东--生平事迹 , 毛泽东--传记
电子资源:
ISBN: 978-7-80199-947-4
000 01025nam0 2200301 450
001 1262837672
005 20090929100151.70
010    @a978-7-80199-947-4@dCNY29.00
100    @a20080807d2008 em y0chiy50 ea
101 0  @achi
102    @aCN@b110000
105    @aa z 000yy
106    @ar
200 1  @a毛泽东与习俗文化@f游和平著@Amao ze dong yu xi su wen hua
210    @a北京@c中共党史出版社@d2008
215    @a260页@c照片@d24cm
330    @a毛泽东深受中国传统文化的熏陶与影响,习俗文化也在他的文化性格上打上了难以磨灭的烙印。他对习俗文化很熟悉,在对待这一问题上,从来是持批判的继承态度,承其精粹,弃其糟粕。在他的一生中留下了件件趣事和段段佳话。
600  0 @a毛泽东@f(1893-1976)
600  0 @a毛泽东@f(1893-1976)@x人物研究
606 0  @a风俗习惯@x研究@y中国
606 0  @a风俗习惯
606 0  @a毛泽东@x生平事迹
606 0  @a毛泽东@x传记
690    @aK892@v4
690    @aA755@v4
701  0 @a游和平@Ayou he ping@4著
801  0 @aCN@b110120@c20080523
905    @a10447@dA752@eJY66
    
    毛泽东与习俗文化/游和平著.-北京:中共党史出版社,2008
    260页:照片;24cm
    
    
    ISBN 978-7-80199-947-4:CNY29.00
    毛泽东深受中国传统文化的熏陶与影响,习俗文化也在他的文化性格上打上了难以磨灭的烙印。他对习俗文化很熟悉,在对待这一问题上,从来是持批判的继承态度,承其精粹,弃其糟粕。在他的一生中留下了件件趣事和段段佳话。
●
相关链接 在E读中查询图书 在五车中查询图书 在当当中查询图书 在豆瓣中查询图书


正题名:毛泽东与习俗文化     索取号:A752/JY66         预约/预借

序号 登录号 条形码 馆藏地/架位号 状态 备注
1 7809408   278094081   学院路分馆/ [索取号:A752/JY66] 在馆    
2 7809409   278094090   学院路分馆/ [索取号:A752/JY66] 在馆    
3 7809410   278094107   学院路分馆/ [索取号:A752/JY66] 在馆    
唐山师范学院图书馆 欢迎您!
大连网信软件有限公司© 版权所有